| 000 | 00521nam a2200193Ia 4500 | ||
|---|---|---|---|
| 008 | 240729s9999 xx 000 0 und d | ||
| 022 | _a2349-3674 | ||
| 245 | 0 | _aBiomedical Research Journal | |
| 260 | _aIndia | ||
| 260 | _bWolters Kluwer Medknow Publications | ||
| 650 | _a Biochemistry | ||
| 650 | _a Chemistry | ||
| 650 | _a Microbiology | Science | ||
| 650 | _a Organic chemistry | ||
| 650 | _aScience | ||
| 856 | _uhttps://doaj.org/toc/bb7d2163634c425dbd39b7a92a49ea73 | ||
| 942 | _2ddc | ||
| 942 | _cDOAJEJ | ||
| 999 |
_c71543 _d71543 |
||
| 945 |
_a1 _bMadushi Gamage _c1 _dMadushi Gamage |
||